ბათუმის შოთა რუსთაველის სახელმწიფო უნივერსიტეტის ბიბლიოთეკა

მუცოს,თორღვაის კარზედა (ბიბ.ჩანაწერი № 42837)

000 -LEADER
fixed length control field 00854nam a2200229Ia 4500
001 - CONTROL NUMBER
control field 9543
003 - CONTROL NUMBER IDENTIFIER
control field GE_BSU
008 - FIXED-LENGTH DATA ELEMENTS--GENERAL INFORMATION
fixed length control field 181216s||||||||xx |||||||||||||| ||und||
020 ## - INTERNATIONAL STANDARD BOOK NUMBER
International Standard Book Number 5529001610
040 ## - CATALOGING SOURCE
Transcribing agency GE_BSU
080 ## - UNIVERSAL DECIMAL CLASSIFICATION NUMBER
Universal Decimal Classification number 821.353.1-32+821.353.1-4+821.353.1-31
100 ## - MAIN ENTRY--PERSONAL NAME
Personal name მრელაშვილი,ლადო
245 ## - TITLE STATEMENT
Title მუცოს,თორღვაის კარზედა
245 ## - TITLE STATEMENT
Remainder of title მოთხრობები,ნარკვევები,რომანი
245 ## - TITLE STATEMENT
Statement of responsibility, etc. რედ.ქ.კვინტრაძე,მხატვ.ზ.დეისაძე.
260 ## - PUBLICATION, DISTRIBUTION, ETC.
Place of publication, distribution, etc. თბილისი
260 ## - PUBLICATION, DISTRIBUTION, ETC.
Name of publisher, distributor, etc. საბჭოთა საქართველო
260 ## - PUBLICATION, DISTRIBUTION, ETC.
Date of publication, distribution, etc. 1988
300 ## - PHYSICAL DESCRIPTION
Extent 950გვ.ილ.20სმ.
653 ## - INDEX TERM--UNCONTROLLED
Uncontrolled term მუცოს,თორღვაის კარზედა
942 ## - ADDED ENTRY ELEMENTS (KOHA)
Koha item type წიგნი
ეგზემპლარები
Withdrawn status Lost status Damaged status Not for loan Date acquired Barcode Date last seen Price effective from Koha item type
        2018-12-17 32529 2018-12-17 2018-12-17 წიგნი